000 00760cam a2200265 4500500
005 20260405001924.0
041 _afre
042 _adc
100 1 0 _aLegros, Martin
_eauthor
245 0 0 _aMarc Crépon / Alain Finkielkraut. Comment peut-on être étranger ?
260 _c2015.
500 _a80
690 _aAlain Finkielkraut
690 _aAltérité
690 _aAutre
690 _aAutrui
690 _aCivilisation
690 _aHospitalité
690 _aIdentité
690 _aIslam
690 _aMarc Crépon
690 _aVoile
786 0 _nPhilosophie magazine | 86 | 2 | 2015-02-01 | p. 37-40 | 1951-1787
856 4 1 _uhttps://shs.cairn.info/magazine-philosophie-magazine-2015-2-page-37?lang=fr&redirect-ssocas=7080
999 _c2052381
_d2052381